Изучение химических превращений и коллоидно-химических свойств гудрона при механических и физических воздействиях; Теоретические и прикладные аспекты современной науки; Ч. 1

Bibliografiske detaljer
Parent link:Теоретические и прикладные аспекты современной науки: сборник научных трудов по материалам V Международной научно-практической конференции, г. Белгород, 30 ноября 2014 г. : в 6 ч./ под общ. ред. М. Г. Петровой.— , 2014
Ч. 1.— 2014.— [С. 56-58]
Hovedforfatter: Савиных Ю. В. Юрий Валентинович
Institution som forfatter: Национальный исследовательский Томский политехнический университет (ТПУ) Институт природных ресурсов (ИПР) Кафедра геологии и разработки нефтяных месторождений (ГРНМ)
Summary:Заглавие с экрана
Изучено последовательное влияние ультразвуковой обработки, кавитации и УФ-излучения на выход масляных фракций из гудрона. Показано, что трехстадийная обработка гудрона приводит к увеличению выхода масел на 17%.
Sprog:russisk
Udgivet: 2014
Fag:
Online adgang:http://issledo.ru/wp-content/uploads/2014/12/Sbornik-5-1.pdf#page=56
Format: MixedMaterials Electronisk Book Chapter
KOHA link:https://koha.lib.tpu.ru/cgi-bin/koha/opac-detail.pl?biblionumber=643488

MARC

LEADER 00000naa0a2200000 4500
001 643488
005 20250604154452.0
035 |a (RuTPU)RU\TPU\network\8480 
035 |a RU\TPU\network\1876 
090 |a 643488 
100 |a 20150911d2014 k y0rusy50 ca 
101 0 |a rus 
102 |a RU 
135 |a drcn ---uucaa 
181 0 |a i  
182 0 |a b 
200 1 |a Изучение химических превращений и коллоидно-химических свойств гудрона при механических и физических воздействиях  |f Ю. В. Савиных 
203 |a Текст  |c электронный 
300 |a Заглавие с экрана 
320 |a [Библиогр.: с. 58 (7 назв.)] 
330 |a Изучено последовательное влияние ультразвуковой обработки, кавитации и УФ-излучения на выход масляных фракций из гудрона. Показано, что трехстадийная обработка гудрона приводит к увеличению выхода масел на 17%. 
461 |t Теоретические и прикладные аспекты современной науки  |o сборник научных трудов по материалам V Международной научно-практической конференции, г. Белгород, 30 ноября 2014 г. : в 6 ч.  |f под общ. ред. М. Г. Петровой  |d 2014 
463 |t Ч. 1  |v [С. 56-58]  |d 2014 
610 1 |a электронный ресурс 
610 1 |a труды учёных ТПУ 
610 1 |a гудрон 
610 1 |a ультразвуковое воздействие 
610 1 |a кавитация 
610 1 |a ультрафиолетовое облучение 
700 1 |a Савиных  |b Ю. В.  |c геолог  |c профессор Томского политехнического университета, доктор химических наук  |f 1949-  |g Юрий Валентинович  |3 (RuTPU)RU\TPU\pers\35180 
712 0 2 |a Национальный исследовательский Томский политехнический университет (ТПУ)  |b Институт природных ресурсов (ИПР)  |b Кафедра геологии и разработки нефтяных месторождений (ГРНМ)  |3 (RuTPU)RU\TPU\col\18657 
801 1 |a RU  |b 63413507  |c 20141010 
801 2 |a RU  |b 63413507  |c 20150916  |g RCR 
850 |a 63413507 
856 4 |u http://issledo.ru/wp-content/uploads/2014/12/Sbornik-5-1.pdf#page=56 
942 |c CF